[Event "Wch Disabilities 5th"]
[Site "Lublin"]
[Date "2023.08.27"]
[Round "9"]
[White "Anikeev, Vyacheslav"]
[Black "Campos, Eugenio"]
[Result "1/2-1/2"]
[WhiteElo "1724"]
[BlackElo "2152"]
[PlyCount "47"]
[EventDate "2023.08.19"]
[EventType "swiss"]
[EventRounds "9"]
[EventCountry "POL"]
[SourceTitle "CBM 215 Extra"]
[Source "ChessBase"]
[SourceDate "2023.09.30"]
[SourceVersion "1"]
[SourceVersionDate "2023.09.30"]
[SourceQuality "1"]

1. d4 Nf6 2. c4 c5 3. d5 e6 4. Nc3 exd5 5. cxd5 d6 6. Nf3 g6 7. g3 Bg7 8. Bg2 0-0 9. 0-0 Re8 10. h3 a6 11. a4 Nbd7 12. Nd2 Rb8 13. Nc4 Ne5 14. Na3 Qc7 15. f4 Ned7 16. e4 c4 17. Qe2 b5 18. axb5 axb5 19. Be3 b4 20. Ncb5 Qd8 21. Nxc4 Nxe4 22. Bxe4 Rxe4 23. Nbxd6 Re7 24. Na5 1/2-1/2

[Event "Wch Disabilities 5th"]
[Site "Lublin"]
[Date "2023.08.22"]
[Round "4"]
[White "Racis, Michal"]
[Black "Anikeev, Vyacheslav"]
[Result "1-0"]
[WhiteElo "1963"]
[BlackElo "1724"]
[PlyCount "131"]
[EventDate "2023.08.19"]
[EventType "swiss"]
[EventRounds "9"]
[EventCountry "POL"]
[SourceTitle "CBM 215 Extra"]
[Source "ChessBase"]
[SourceDate "2023.09.30"]
[SourceVersion "1"]
[SourceVersionDate "2023.09.30"]
[SourceQuality "1"]

1. Nf3 Nf6 2. d4 c5 3. d5 d6 4. c4 b5 5. cxb5 a6 6. Nc3 axb5 7. Nxb5 Qa5+ 8. Nc3 Ba6 9. Bd2 Qb6 10. Qa4+ Nbd7 11. e4 g6 12. Bxa6 Rxa6 13. Qc2 Bg7 14. 0-0 0-0 15. h3 Rb8 16. Rab1 Ne8 17. Be3 Qb4 18. Nd2 Nc7 19. Rfc1 Rab6 20. a3 Qa5 21. Nc4 Qa6 22. Nxb6 Nxb6 23. Ne2 Nd7 24. b4 Qxa3 25. bxc5 Rxb1 26. Qxb1 dxc5 27. Qb7 Be5 28. Qc8+ Nf8 29. Bh6 Qa8 30. Qxa8 Nxa8 31. Rxc5 Bg7 32. Bxg7 Kxg7 33. f4 Nd7 34. Rc1 Nf6 35. Nc3 Nc7 36. Kf2 h5 37. Ke3 Kf8 38. Kd4 Nfe8 39. e5 Ng7 40. g4 hxg4 41. hxg4 Nce8 42. Ne4 f5 43. exf6 exf6 44. Nf2 f5 45. Ke5 fxg4 46. Nxg4 Nf5 47. Rc6 Kf7 48. Ra6 Kg7 49. d6 Nexd6 50. Rxd6 Nxd6 51. Kxd6 Kf7 52. Kd7 Kf8 53. Ke6 Kg7 54. Ke7 Kg8 55. Kf6 Kh7 56. Ne5 Kh6 57. Nxg6 Kh7 58. f5 Kg8 59. Ke7 Kg7 60. f6+ Kxg6 61. f7 Kg5 62. f8Q Kg4 63. Qf2 Kg5 64. Qf3 Kg6 65. Qf4 Kg7 66. Qf6+ 1-0